000 00258nam a22001217a 4500
008 170914b xxu||||| |||| 00| 0 eng d
041 _aeng
080 _a7
100 _a44
101 _aART
245 _aTHE WORLD OF CEZANNE
_cMURPHY R,W
942 _2udc
_cBK
999 _c27570
_d27570